[Event "GRE-chT 45th"]
[Site "Achaia"]
[Date "2017.07.07"]
[Round "6.17"]
[White "Salakas, Fotios"]
[Black "Vazelakis, Dimitrios"]
[Result "0-1"]
[WhiteElo "1596"]
[BlackElo "1784"]
[PlyCount "72"]
[EventDate "2017.07.03"]
[EventType "team-swiss"]
[EventRounds "7"]
[EventCountry "GRE"]
[SourceTitle "CBM 179 Extra"]
[Source "ChessBase"]
[SourceDate "2017.08.23"]
[SourceVersion "1"]
[SourceVersionDate "2017.08.23"]
[SourceQuality "1"]
[WhiteTeam "Filiatron CN"]
[BlackTeam "New Filadelfeias"]
[WhiteTeamCountry "GRE"]
[BlackTeamCountry "GRE"]

1. d4 d5 2. c4 c6 3. Nf3 Nf6 4. Qc2 dxc4 5. Qxc4 Bg4 6. Ne5 Be6 7. Qd3 Nbd7 8. Nxd7 Bxd7 9. e4 e6 10. Nc3 Be7 11. Be2 0-0 12. Bf4 b5 13. Bf3 b4 14. Ne2 Qa5 15. 0-0 c5 16. Rfc1 Rac8 17. dxc5 Bxc5 18. Rxc5 Qxc5 19. Bd6 Qc2 20. Qxc2 Rxc2 21. Bxf8 Kxf8 22. Nc1 Bc6 23. e5 Nd5 24. a3 bxa3 25. bxa3 Nf4 26. Bxc6 Rxc6 27. Nb3 Nd3 28. Nd4 Rc5 29. Kf1 Nxe5 30. Rb1 Rc7 31. Re1 Nd3 32. Rxe6 Rc1+ 33. Ke2 fxe6 34. Kxd3 Kf7 35. Nb5 a6 36. Nd4 Rg1 0-1